Global business leaders show the way: (Record no. 362495)
[ view plain ]
| 000 -LEADER | |
|---|---|
| fixed length control field | 00563nam a2200145Ia 4500 |
| 008 - FIXED-LENGTH DATA ELEMENTS--GENERAL INFORMATION | |
| fixed length control field | 191108s9999 xx 000 0 und d |
| 020 ## - INTERNATIONAL STANDARD BOOK NUMBER | |
| International Standard Book Number | 978-971-27-2112-0 |
| 100 ## - MAIN ENTRY--PERSONAL NAME | |
| Personal name | Poblador, Niceto S. |
| 245 ## - TITLE STATEMENT | |
| Statement of responsibility, etc | Niceto Poblador.-- |
| Title | Global business leaders show the way: |
| Remainder of title | Responding to emergent global challenges / |
| 260 ## - PUBLICATION, DISTRIBUTION, ETC. (IMPRINT) | |
| Place of publication, distribution, etc | Pasig City : |
| Name of publisher, distributor, etc | Management Association of the Philippines |
| Date of publication, distribution, etc | 2008 |
| 300 ## - PHYSICAL DESCRIPTION | |
| Extent | 160 pages : |
| 500 ## - GENERAL NOTE | |
| General note | Includes appendix. |
| 650 ## - SUBJECT ADDED ENTRY--TOPICAL TERM | |
| Topical term or geographic name as entry element | Industries--Social aspects--Philippines. |
| 650 ## - SUBJECT ADDED ENTRY--TOPICAL TERM | |
| Topical term or geographic name as entry element | Social responsibilities of business--Philippines |
| Withdrawn status | Lost status | Source of classification or shelving scheme | Damaged status | Home library | Current library | Shelving location | Date acquired | Source of acquisition | Total Checkouts | Full call number | Barcode | Date last seen | Price effective from | Koha item type |
|---|---|---|---|---|---|---|---|---|---|---|---|---|---|---|
| Library of Congress Classification | Southville International School Affiliated with Foreign Universities Library | Southville International School Affiliated with Foreign Universities Library | Southville Foreign University Section | 11/08/2019 | Donation | HD 60.5 .P5 2008 | SFU0239 | 11/08/2019 | 11/08/2019 | Books |